Every Muppet Show Guest - Statistics

General Stats
  • This quiz has been taken 13 times
  • The average score is 36 of 122
Answer Stats
Episode Guest % Correct
S2 E15 Elton John
88%
S1 E6 Paul Williams
75%
S2 E11 Steve Martin
75%
S4 E20 Andy Williams
63%
S2 E8 Bernadette Peters
63%
S5 E16 Debbie Harry
63%
S2 E3 Madeline Kahn
63%
S4 E19 Mark Hamill, Peter Mayhew, & Anthony Daniels
63%
S5 E1 Roger Moore
63%
S1 E24 Vincent Price
63%
S3 E8 Alice Cooper
50%
S2 E21 Bob Hope
50%
S4 E17 Christopher Reeve
50%
S1 E23 Connie Stevens (and Bert and Ernie)
50%
S2 E1 George Burns
50%
S3 E15 Harry Belafonte
50%
S1 E1 Joel Grey
50%
S4 E8 John Denver
50%
S2 E13 Julie Andrews
50%
S1 E19 Juliet Prowse
50%
S5 E5 Paul Simon
50%
S2 E14 Peter Sellers
50%
S1 E2 Rita Moreno
50%
Special Sabrina Carpenter (and Seth Rogen and Maya Rudolph)
50%
S1 E16 Twiggy
50%
S4 E22 Alan Arkin
38%
S2 E16 Cleo Laine (and Bruce Schwartz)
38%
S4 E1 Dudley Moore
38%
S2 E4 Edgar Bergen
38%
S1 E7 Florence Henderson
38%
S5 E17 Gene Kelly
38%
S5 E8 Glenda Jackson
38%
S1 E10 Harvey Korman
38%
S3 E9 Helen Reddy
38%
S5 E2 James Coburn
38%
S3 E5 Jean Stapleton
38%
S2 E6 John Cleese
38%
S4 E6 Kenny Rogers
38%
S3 E12 Kris Kristofferson & Rita Coolidge
38%
S3 E16 Lesley Ann Warren
38%
S4 E18 Lynda Carter
38%
S5 E23 Mac Davis
38%
S2 E9 Milton Berle
38%
S1 E14 Phyllis Diller
38%
S3 E22 Roy Rogers & Dale Evans
38%
S1 E5 Ruth Buzzi
38%
S3 E23 Spike Milligan
38%
S2 E23 Zero Mostel
38%
S4 E15 Anne Murray
25%
S1 E12 Ben Vereen
25%
S5 E3 Brooke Shields
25%
S1 E21 Bruce Forsyth
25%
S5 E20 Buddy Rich
25%
S1 E11 Candice Bergen
25%
S5 E12 Carol Burnett
25%
S5 E22 Chris Langham
25%
S3 E13 Danny Kaye
25%
S2 E5 Dom DeLuise
25%
S2 E19 Don Knotts
25%
S1 E22 Ethel Merman (and Richard Bradshaw)
25%
S5 E13 Johnny Cash
25%
S2 E18 Judy Collins
25%
S3 E2 Leo Sayer
25%
S3 E18 Leslie Uggams (and Big Bird)
25%
S3 E17 Liberace
25%
S4 E7 Linda Lavin
25%
S4 E10 Liza Minnelli
25%
S4 E13 Lola Falana
25%
S2 E12 Lou Rawls
25%
S1 E18 Mummenschanz
25%
S2 E7 Nancy Walker
25%
S1 E8 Peter Ustinov
25%
S4 E12 Phyllis George
25%
S3 E7 Raquel Welch
25%
S3 E21 Roger Miller
25%
S2 E17 Rudolf Nureyev
25%
S5 E15 Señor Wences (and Bruce Schwartz)
25%
S4 E5 Shields and Yarnell
25%
S3 E20 Sylvester Stallone
25%
S4 E9 Arlo Guthrie
13%
S1 E15 Avery Schreiber
13%
S4 E4 Beverly Sills
13%
S4 E23 Carol Channing
13%
S1 E13 Charles Aznavour
13%
S3 E14 Cheryl Ladd
13%
S2 E20 Cloris Leachman
13%
S4 E2 Crystal Gayle
13%
S4 E24 Diana Ross
13%
S4 E11 Dizzy Gillespie
13%
S4 E21 Doug Henning
13%
S4 E14 Dyan Cannon
13%
S3 E19 Elke Sommer
13%
S3 E3 Gilda Radner
13%
S5 E18 Gladys Knight
13%
S5 E10 Hal Linden
13%
S3 E10 James Coco
13%
S2 E22 Jaye P. Morgan
13%
S5 E11 Jean-Pierre Rampal
13%
S1 E4 Jim Nabors
13%
S5 E6 Joan Baez
13%
S4 E16 Jonathan Winters
13%
S1 E20 Kaye Ballard
13%
S5 E7 Linda Ronstadt
13%
S3 E6 Loretta Lynn
13%
S5 E9 Loretta Swit
13%
S3 E24 Lynn Redgrave
13%
S3 E11 Marisa Berenson
13%
S5 E21 Marty Feldman (and Cookie Monster, Ernie, Bert, Grover, & Count von Count)
13%
S5 E14 Melissa Manchester
13%
Pilot: The Muppets Valentine Show Mia Farrow
13%
S3 E4 Pearl Bailey
13%
S2 E24 Petula Clark
13%
S2 E2 Rich Little
13%
S3 E1 Roy Clark
13%
S1 E3 Sandy Duncan
13%
S5 E24 Shirley Bassey
13%
S2 E10 Teresa Brewer
13%
S5 E4 Tony Randall
13%
S1 E17 Valerie Harper
13%
S4 E3 Victor Borge
13%
S5 E19 Wally Boag
13%
S1 E9 Lena Horne
0%
No matching quizzes found
Score Distribution
Percent of People with Each Score
Percentile by Number Answered
Your Score History
You have not taken this quiz